000 00339nam a2200145Ia 4500
008 150201s2007 xx 000 0 und d
082 _a610.3
_bO07M
100 _aOXFORD
245 _aOXFORD MEDICAL DICTIONARY
250 _a4TH
260 _bOXFORD UNIVERSITY
_aDELHI
_c2007
300 _a1-791
650 _aDICTIONARIES
942 _2ddc
_cBK
999 _c242
_d242